| LEADER | 01578nam a2200253 4500 | ||
|---|---|---|---|
| 082 | |a 372.21 |b T527t. | ||
| 100 | |a Trần Thị Trọng | ||
| 245 | |a Tuyển tập trò chơi, bài hát, thơ truyện mẫu giáo 4-5 tuổi |c Trần Thị Trọng, Phạm Thị Sửu đồng chủ biên, Trương Kim Oanh,... | ||
| 260 | |a H. |b Giáo dục |c 1994 | ||
| 300 | |a 88tr. |c 27cm | ||
| 520 | |a v.v... | ||
| 653 | |a Giáo dục mẫu giáo | ||
| 653 | |a trò chơi | ||
| 653 | |a bài hát | ||
| 653 | |a thơ ca | ||
| 653 | |a truyện kể | ||
| 942 | |2 ddc |c STK0 | ||
| 999 | |c 10227 |d 10227 | ||
| 952 | |0 0 |1 0 |2 ddc |4 0 |6 372_210000000000000_T527T |7 0 |8 300 |9 79349 |a qbu |b qbu |c D2 |d 2015-07-20 |g 4300 |o 372.21 T527t |p 9974.c1 |r 0000-00-00 |w 2015-07-20 |y STK0 | ||
| 952 | |0 0 |1 0 |2 ddc |4 0 |6 372_210000000000000_T527T |7 0 |8 300 |9 79350 |a qbu |b qbu |c D2 |d 2015-07-20 |g 4300 |l 3 |o 372.21 T527t |p 9974.c2 |r 2018-12-17 |s 2018-12-03 |w 2015-07-20 |y STK0 | ||
| 952 | |0 0 |1 0 |2 ddc |4 0 |6 372_210000000000000_T527T |7 0 |8 300 |9 79351 |a qbu |b qbu |c D2 |d 2015-07-20 |g 4300 |l 11 |m 1 |o 372.21 T527t |p 9974.c3 |r 2019-01-22 |s 2019-01-07 |w 2015-07-20 |y STK0 | ||
| 952 | |0 0 |1 0 |2 ddc |4 0 |6 372_210000000000000_T527T |7 0 |8 300 |9 79352 |a qbu |b qbu |c D2 |d 2015-07-20 |g 4300 |l 7 |o 372.21 T527t |p 9974.c4 |r 2019-01-10 |s 2018-12-28 |w 2015-07-20 |y STK0 | ||
| 952 | |0 0 |1 0 |2 ddc |4 0 |6 372_210000000000000_T527T |7 0 |8 300 |9 79353 |a qbu |b qbu |c D2 |d 2015-07-20 |g 4300 |l 5 |o 372.21 T527t |p 9974.c5 |r 2019-01-14 |s 2018-12-28 |w 2015-07-20 |y STK0 | ||
| 952 | |0 0 |1 0 |2 ddc |4 0 |6 372_210000000000000_T527T |7 0 |8 300 |9 79354 |a qbu |b qbu |c D2 |d 2015-07-20 |g 4300 |l 5 |m 1 |o 372.21 T527t |p 9974.c6 |r 2016-09-05 |s 2016-08-24 |w 2015-07-20 |y STK0 | ||